| 000 | 00848nas a2200289 4500 | ||
|---|---|---|---|
| 001 | BR2017003427 | ||
| 003 | BR-BrBNA | ||
| 005 | 20231205131205.0 | ||
| 007 | ta | ||
| 008 | 230509b bl.|||p| |||| 00| 00por d | ||
| 040 |
_aBR-BrBNA _bpor _cBiblioteca Nacional de Agricultura |
||
| 041 | _a(Pt) | ||
| 072 | _aP34; P33 | ||
| 100 | 1 | _aReichardt, K. | |
| 100 | 1 | _aTimm, L.C. | |
| 100 | 1 | _aSilva, A.L. da | |
| 100 | 1 | _aBruno, I.P. | |
| 245 | 1 | _aO SPD mantendo o equilíbrio dinâmico da matéria orgânica | |
| 650 | _aANÁLISE DO SOLO | ||
| 650 | _aPROPRIEDADE FÍSICO-QUÍMICA | ||
| 650 | _aPOROSIDADE | ||
| 650 | _aHÚMUS | ||
| 650 | _aMATÉRIA ORGÂNICA | ||
| 773 | 0 |
_tVisão Agrícola (Brazil) _xISSN 1806-6402 _g(Jul-Dec 2009), v. 6(9) p. 59-62 _wBR2017003427 |
|
| 909 |
_a202311 _bLúcia _c55 _dLúcia Elande |
||
| 942 |
_2AGRIS _n0 _cANA |
||
| 999 |
_c253477 _d253477 |
||